000 00433nam a2200157Ia 4500
999 _c12302
_d12302
003 OSt
005 20201005124451.0
008 190216s9999||||xx |||||||||||||| ||und||
040 _coclc
082 _a822.3
_bJON/V
100 _aJonson, Ben
_95085
245 0 _aVolpone Or The Fox /
_cBen Jonson
260 _bMacmillan,
_c1969.
_aNew york :
300 _a144p
942 _cBK
_2ddc
_h822.3
_iJON/V
_k822.3
_mJON/V